LEADER 01392nam 2200373 450 001 000017036 005 20050718115600.0 010 $a3-540-58713-6 100 $a20031124d1996----km-y0itay0103----ba 101 0 $aeng 102 $aDE 200 1 $aMicrotectonics$fC. W. Passchier, R. A. J. Trouw 210 $aBerlin$cSpringer$d1996 215 $aXIII, 289 p.$cill.$d28 cm. 606 $aPetrologia$xAnalisi microscopica 676 $a552.8$v(21. ed.)$9Petrologia microscopica 700 1$aPasschier,$bCornelis Willem$0442257 701 1$aTrouw,$bRudolph A. J.$0442258 801 0$aIT$bUniversità della Basilicata - B.I.A.$gRICA$2unimarc 912 $a000017036 996 $aMicrotectonics$984897 997 $aUNIBAS BAS $aMONSCI BAS $aSCIENZE CAT $aSTD032$b01$c20031124$lBAS01$h1344 CAT $aTORRE$b20$c20031126$lBAS01$h1217 CAT $c20050601$lBAS01$h1756 CAT $abatch$b01$c20050718$lBAS01$h1053 CAT $c20050718$lBAS01$h1112 CAT $c20050718$lBAS01$h1142 CAT $c20050718$lBAS01$h1156 FMT Z30 -1$lBAS01$LBAS01$mBOOK$1BASA2$APolo Tecnico-Scientifico$2DID$BDidattica$3PTS.s2.p55.32$9ING/84525$6101073$5T101073$820031124$f98$FConsultazione Z30 -1$lBAS01$LBAS01$mBOOK$1BASA2$APolo Tecnico-Scientifico$2DID$BDidattica$3PTS.s2.p55.32a$9ING/84525$6101072$5T101072$820031124$f04$FPrestabile Didattica LEADER 01460nam0 22003733i 450 001 NAP0467268 005 20251003044252.0 010 $a0471052221 100 $a20090713d1979 ||||0itac50 ba 101 | $aeng 102 $aus 181 1$6z01$ai $bxxxe 182 1$6z01$an 200 1 $aDigital design with standard MSI and LSI$edesign techniques for the microcomputer age$fThomas R. Blakeslee 205 $a2. ed 210 $aNew York [etc.]$cJohn-Wiley & Sons$dc1979 215 $aXIV, 384 p.$cill.$d24 cm. 606 $aCircuiti integrati$2FIR$3CFIC002586$9E 606 $aCircuiti digitali$2FIR$3SBLC000151$9E 606 $aCircuiti logici$2FIR$3CFIC015125$9E 676 $a621.39$9INGEGNERIA DEGLI ELABORATORI$v14 676 $a621.395$9INGEGNERIA DEGLI ELABORATORI. CIRCUITERIA$v22 696 $aChip$aCircuiti elettronici integrati 699 $aCircuiti integrati$yChip 699 $aCircuiti integrati$yCircuiti elettronici integrati 700 1$aBlakeslee$b, Thomas R.$f <1937- >$3MILV052499$4070$0771005 801 3$aIT$bIT-000000$c20090713 850 $aIT-BN0095 901 $bNAP 01$cSALA DING $n$ 912 $aNAP0467268 950 0$aBiblioteca Centralizzata di Ateneo$b1 v.$c1 v.$d 01SALA DING 621.39 BLA.di$e 0102 0000007075 VMA A4 1 v.$fY $h19940221$i19940221 977 $a 01 996 $aDigital design with standard MSI and LSI$91573323 997 $aUNISANNIO